| Tag |
First Indicator |
Second Indicator |
Subfields |
| LEADER |
00000cam a2200000Mi 4500 |
| 001 |
in00000071385 |
| 005 |
20230706130354.0 |
| 008 |
800430s1971 dcua 000 0 eng d |
| 019 |
|
|
|a 2053996
|
| 029 |
1 |
|
|a AU@
|b 000002703300
|
| 029 |
1 |
|
|a AU@
|b 000022511891
|
| 035 |
|
|
|a (OCoLC)ocm41238769
|
| 035 |
|
|
|a (OCoLC)41238769
|z (OCoLC)2053996
|
| 035 |
|
|
|a (OCoLC)ocm41238769
|
| 040 |
|
|
|a NUI
|b eng
|c NUI
|d MYG
|d JCR
|d OCLCF
|d OCLCQ
|d OCLCO
|d EYM
|d AAA
|d OCLCO
|
| 050 |
|
4 |
|a TE175
|b .A51224
|
| 082 |
1 |
4 |
|a 625.72
|b A512g
|
| 110 |
2 |
|
|a American Association of State Highway Officials.
|b Committee on Planning and Design Policies.
|
| 245 |
1 |
0 |
|a Geometric design guide for local roads and streets /
|c prepared by Committee on Planning and Design Policies, American Association of State Highway Officials.
|
| 260 |
|
|
|a Washington, D.C. :
|b The Association,
|c ©1971.
|
| 300 |
|
|
|a 24 pages :
|b 1 illustration ;
|c 23 cm
|
| 336 |
|
|
|a text
|b txt
|2 rdacontent
|
| 337 |
|
|
|a unmediated
|b n
|2 rdamedia
|
| 338 |
|
|
|a volume
|b nc
|2 rdacarrier
|
| 505 |
0 |
|
|a Rural -- Urban.
|
| 650 |
|
0 |
|a Roads
|x Design and construction.
|
| 650 |
|
6 |
|a Routes
|x Conception et construction.
|
| 650 |
|
7 |
|a Roads
|x Design and construction.
|2 fast
|0 (OCoLC)fst01098548
|
| 650 |
|
7 |
|a Bridges.
|2 trt
|
| 650 |
|
7 |
|a Cities and towns.
|2 trt
|
| 650 |
|
7 |
|a Highway design.
|2 trt
|
| 650 |
|
7 |
|a Intersections.
|2 trt
|
| 650 |
|
7 |
|a Rural areas.
|2 trt
|
| 650 |
|
7 |
|a Secondary roads.
|2 trt
|
| 650 |
|
7 |
|a Standards.
|2 trt
|
| 650 |
|
7 |
|a Street lighting.
|2 trt
|
| 650 |
|
7 |
|a Traffic control devices.
|2 trt
|
| 650 |
|
7 |
|a Traffic speed.
|2 trt
|
| 650 |
|
7 |
|a Traffic volume.
|2 trt
|
| 650 |
|
7 |
|a Urban areas.
|2 trt
|
| 650 |
|
7 |
|a Intersections/ Road Junctions.
|2 umitrist
|
| 650 |
|
7 |
|a Road Design.
|2 umitrist
|
| 650 |
|
7 |
|a Road Environment.
|2 umitrist
|
| 650 |
|
7 |
|a Road Geometrics.
|2 umitrist
|
| 650 |
|
7 |
|a Road Lighting.
|2 umitrist
|
| 650 |
|
7 |
|a Rural.
|2 umitrist
|
| 650 |
|
7 |
|a Secondary Highways.
|2 umitrist
|
| 650 |
|
7 |
|a Traffic Count/ Traffic Volume.
|2 umitrist
|
| 650 |
|
7 |
|a Urban/ Town/ City.
|2 umitrist
|
| 776 |
0 |
8 |
|i Online version:
|a American Association of State Highway Officials. Committee on Planning and Design Policies.
|t Geometric design guide for local roads and streets.
|d Washington, D.C. : The Association, ©1971
|w (OCoLC)610188254
|
| 948 |
|
|
|h NO HOLDINGS IN TXA - 52 OTHER HOLDINGS
|
| 994 |
|
|
|a Z0
|b TXA
|
| 999 |
f |
f |
|s 9a560f4f-049c-3726-833f-9ad4a26c7f67
|i 8593db5b-6e7d-3204-9e4d-0004fe5eb861
|t 0
|
| 952 |
f |
f |
|p ric
|a Texas A&M University
|b Rellis Campus
|c Joint Library Facility
|s JLF
|d Remote Storage
|t 0
|e TE175 .A51224
|h Library of Congress classification
|i unmediated -- volume
|m A14806246724
|